000 00774nam a2200241 4500
003 MX001000458264
005 20260530113855.0
008 260504b1987 |||||||| |||| 00| 0 spa d
040 _aICI
_bspa
_cICI
041 _aspa
050 _aTD370
_bA74
100 1 _aAthie Lambarri, Mauricio,
_eautor
_931602
245 1 0 _aCalidad y cantidad del agua en México
_cMauricio Athie Lambarri
264 1 _aMéxico :
_bFundación universo veintiuno,
_cv
300 _a152 páginas
336 _atexto
_2rdacontent
337 _asin medio
_2rdamedia
338 _avolumen
_2rdacarrier
650 4 _aCalidad del agua
_zMéxico
_931603
650 4 _aAgua
_xContaminación
_zMéxico
_931604
650 4 _aDesarrollo de recursos hidrológicos
_zMéxico
_931605
942 _2lcc
_cBK
_n1
999 _c11579
_d11579